| 000 | 00956nam a22002057a 4500 | ||
|---|---|---|---|
| 999 |
_c3198 _d3198 |
||
| 003 | AR-CdUCM | ||
| 008 | 190306b ||||| |||| 00| 0 spa d | ||
| 040 |
_aMUNICIPALIDAD PROVINCIAL DEL CUSCO _cBIBLIOTECA MUNICIPAL DEL CUSCO |
||
| 082 |
_a323.17 / _bZ42 |
||
| 100 |
_aZas Friz Burga, Johnny _910739 |
||
| 245 |
_aLa descentralización ficticia : _bPerú 1821-1998 / |
||
| 260 |
_aLima : _bCentro de investigaciones de la universidad pacifico, _c1998. |
||
| 300 |
_a348 páginas ; _c21 cm. |
||
| 505 | _aEl régimen local y el nivel internacional durante el período de inestabilidad política e institucional en la iniciación de la república -- El régimen local y el nivel intermedio durante los primeros intentos de consolidación institucional del estado peruano... | ||
| 650 |
_aDesarrollo perunao. _910740 |
||
| 650 |
_aInestabilidad política. _910741 |
||
| 650 |
_aDescentralización. _93895 |
||
| 942 |
_2ddc _cLIBROS |
||
| 945 |
_awfj _d2019-03-06 |
||